[Event "Chess24 Legends of Chess"]
[Site "Online"]
[Date "2020.07.18"]
[Round "3.4"]
[White "Carlsen, Magnus"]
[Black "Leko, Peter"]
[Result "1-0"]
[WhiteElo "2881"]
[BlackElo "2710"]
[Annotator "TA"]
[PlyCount "103"]
[EventDate "2020.07.21"]
[EventType "tourn"]
[SourceTitle "playchess.com"]
[Source "ChessBase"]
[SourceQuality "1"]

{[%evp 19,103,5,4,0,20,13,24,15,12,6,14,3,4,12,19,5,5,12,25,5,20,20,21,23,21,24,144,144,137,134,135,137,128,142,282,278,260,232,392,413,371,366,479,479,625,622,428,414,419,431,680,642,647,572,639,616,600,600,5285,279,5206,5057,2885,2359,29974,29974,29975,29976,29976,29977,29977,29978,29978,29979,29979,29980,29980,29981,29981,29982,29982,29983,29983,29984,29984,29985]} 1. c4 c5 2. Nc3 Nc6 3. e3 Nf6 4. d4 cxd4 5. exd4 d5 6. Nf3 Bg4 7. Bg5 e6 8. cxd5 exd5 9. Be2 Be7 10. O-O O-O 11. h3 {B14: Caro-Kann: Panov-Botvinnik Attack with 5...e6 and 5...g6.} Bh5 12. Re1 h6 13. Bh4 {White has an edge.} Rc8 14. Ne5 Bxe2 15. Rxe2 {[#]} g5 $146 ({Predecessor:} 15... a6 16. Qd3 Qd6 17. Rd1 Nh5 18. Bxe7 Nxe7 19. Qf3 Nf6 20. Ng4 Nxg4 21. hxg4 {1-0 (41) Simonov,V (2315)-Grjasev,D Arkhangelsk 1996}) 16. Bg3 Bb4 17. Rc1 Bxc3 18. Rxc3 Ne4 19. Rcc2 Re8 20. Nxc6 Rxc6 21. Rxc6 bxc6 22. Bh2 Re6 {White stays focused until the end.} (22... Qa5 $11 {keeps the balance.}) 23. f3 $16 Nd6 24. Rxe6 fxe6 25. Qa4 $36 {[%mdl 2048] White is on the roll.} Qd7 26. Qb4 Nc8 (26... Nf7 $16 27. b3 Kg7) 27. Qb8 $18 Kf7 28. Be5 Kg8 $2 (28... h5 29. Qb3 Kg6) 29. b4 Kf7 30. a4 {[%cal Ba2a4,Ba4a5,Ba5a6][%mdl 32]} Ke7 31. a5 Kd8 32. a6 Ke8 33. Kh2 Kf7 34. Qb7 Ke8 (34... Ke7 $142 35. Bf6+ Ke8) 35. g4 Ne7 36. Qb8+ Nc8 37. Kg3 Kd8 38. Qb7 Nd6 39. Qxd7+ Kxd7 40. Bxd6 Kxd6 {[%mdl 4096] Endgame KP-KP} 41. f4 Ke7 42. h4 $1 {[%cal Rh4g5] White mates.} Kf6 43. hxg5+ hxg5 44. fxg5+ Kxg5 45. Kf3 Kg6 46. Kf4 Kf6 47. g5+ Kg6 {[#]} 48. Ke5 $1 {[%cal Re5e6]} Kxg5 49. Kxe6 Kf4 50. Kd6 Ke4 51. Kxc6 Kxd4 {[#]} 52. b5 $1 {Accuracy: White = 100%, Black = 54%.} ({Weaker is} 52. Kb7 Kc4 $18) 1-0

[Event "Chess24 Legends of Chess"]
[Site "Online"]
[Date "2020.07.18"]
[Round "3.4"]
[White "Svidler, Peter"]
[Black "Gelfand, Boris"]
[Result "1/2-1/2"]
[WhiteElo "2742"]
[BlackElo "2702"]
[Annotator "TA"]
[PlyCount "98"]
[EventDate "2020.07.21"]
[EventType "tourn"]
[SourceTitle "playchess.com"]
[Source "ChessBase"]
[SourceQuality "1"]

{[%evp 10,98,14,11,32,27,37,18,21,11,45,11,4,6,25,20,19,22,20,36,47,42,63,71,73,64,64,45,79,22,18,1,54,53,74,50,70,33,25,8,15,13,24,28,25,18,28,12,5,4,7,2,44,47,52,49,94,27,77,0,0,0,0,0,0,0,0,0,0,0,0,-2,0,0,0,0,0,0,34,31,100,0,262,250,233,0,0,0,189,0,0]} 1. e4 c5 2. Nf3 Nc6 3. Bb5 e6 4. O-O Nge7 5. d4 cxd4 6. Nxd4 Ng6 {B30: Sicilian: 2...Nc6 3 Bb5, lines without ...g6.} 7. Be3 Be7 8. c3 O-O 9. Nd2 {[#]} Qc7 $146 ({Predecessor:} 9... a6 10. Be2 Qc7 11. a4 d5 12. exd5 exd5 13. Qb3 Be6 14. Bf3 Nxd4 15. Bxd4 Qd7 {1-0 (27) Mamedjarova,T (2280)-Andreasen,J (1992) Reykjavik 2013}) 10. f4 d5 11. e5 $36 {[%mdl 2048] Black is under pressure.} f6 12. exf6 Rxf6 {[%cal Rg6f4]} 13. g3 e5 14. fxe5 Ncxe5 15. Qb3 Qd8 16. Rxf6 Bxf6 17. Ne4 Be7 18. Nf2 Kh8 19. Rd1 (19. Re1 $16) 19... Bc5 $11 20. Be2 Bb6 (20... b6 $1 $11) 21. Nc2 $14 Be6 22. Bxb6 axb6 23. c4 {[%cal Rc4d5]} Ne7 24. Qe3 Qc7 25. Nd4 Bd7 $1 26. Nf3 Nxf3+ 27. Bxf3 Nf5 28. Qf4 Qxf4 29. gxf4 d4 30. a3 Bc6 31. Bg4 Ne3 32. Rxd4 g6 33. h3 (33. Bh3 $16) 33... Re8 {[#]} 34. Bd7 (34. Nd3 $1 $16) 34... Rd8 $11 35. Rd3 {Hoping for Bxc6.} Rxd7 36. Rxe3 {[%mdl 4096] Endgame KRB-KRN} Rd4 37. b3 Rxf4 38. Nd3 Rd4 39. Kf2 Kg7 40. Ne5 Bh1 41. Re1 Rd2+ 42. Kg3 Bg2 43. h4 Rb2 44. b4 h5 (44... Bc6 $1 $14) 45. b5 (45. Nd7 $16) 45... Kf6 $2 {[%mdl 8192]} (45... Rd2 $1 $11 {and Black has nothing to worry.}) 46. Nd7+ $18 {[%mdl 64] [#] Double Attack} Kf7 47. Ne5+ ({Don't take} 47. Nxb6 $6 Bc6) 47... Kf6 48. Nd7+ {[%mdl 64] Double Attack} Kf7 49. Ne5+ $2 ({Better is} 49. a4 $18) 49... Kf6 {Accuracy: White = 76%, Black = 74%.} 1/2-1/2

[Event "Chess24 Legends of Chess"]
[Site "Online"]
[Date "2020.07.18"]
[Round "3.4"]
[White "Ivanchuk, Vasyl"]
[Black "Ding, Liren"]
[Result "1-0"]
[WhiteElo "2686"]
[BlackElo "2836"]
[Annotator "TA"]
[PlyCount "49"]
[EventDate "2020.07.21"]
[EventType "tourn"]
[SourceTitle "playchess.com"]
[Source "ChessBase"]
[SourceQuality "1"]

{[%evp 9,49,-4,1,3,8,4,15,0,-17,0,-3,-19,-11,-12,-7,-14,0,0,53,47,66,56,65,57,68,41,35,19,93,75,119,124,212,186,182,183,29993,29994,29995,29996,29996,29997]} 1. d4 Nf6 2. c4 e6 3. Nc3 Bb4 4. Nf3 O-O 5. e3 Bxc3+ 6. bxc3 {E50: Nimzo-Indian: Rubinstein: 4...0-0 5 Nf3.} d6 {6...d6 is better than 6...b6.} 7. Bd3 e5 {Threatens to win with ...e4.} 8. e4 {The position is equal.} exd4 9. cxd4 Re8 10. O-O Nxe4 11. Re1 Nf6 12. Rxe8+ {[#]} Nxe8 $146 ({Predecessor:} 12... Qxe8 13. Bg5 Nbd7 14. Qa4 h6 15. Re1 Qf8 16. Bh4 a6 17. h3 g5 18. Bg3 Nh5 {½-½ (51) Suihko,K-Wawer,T ICCF email 2018}) 13. Bg5 f6 (13... Nf6 $11) 14. Bd2 $14 {[%mdl 1024] White has compensation.} Nd7 15. Qc2 Nf8 16. Re1 $36 {[%mdl 2048] Black is under pressure.} c6 17. a4 Nc7 18. d5 c5 (18... Na6 $11) 19. Nh4 $16 Na6 20. Bf5 Nb4 (20... Bd7 $16) 21. Qe4 $18 Bd7 22. Re3 Bxa4 $2 {[#]} (22... Rc8 $18 23. Bc3 Rc7) 23. Bxh7+ $1 {[%mdl 512] White mates.} Kf7 (23... Nxh7 24. Qe6+) 24. Nf5 Nxh7 {[#]} 25. Nh6+ $1 {[%mdl 576] Discovered Attack. Accuracy: White = 94%, Black = 58%.} 1-0

[Event "Chess24 Legends of Chess"]
[Site "Online"]
[Date "2020.07.18"]
[Round "4.1"]
[White "Carlsen, Magnus"]
[Black "Gelfand, Boris"]
[Result "1-0"]
[WhiteElo "2881"]
[BlackElo "2702"]
[Annotator "TA"]
[PlyCount "81"]
[EventDate "2020.07.21"]
[EventType "tourn"]
[SourceTitle "playchess.com"]
[Source "ChessBase"]
[SourceQuality "1"]

{[%evp 20,81,21,19,46,37,53,36,64,59,59,71,82,86,89,56,57,47,93,77,88,89,132,101,118,71,289,65,156,157,157,125,119,103,129,129,257,202,469,431,423,425,479,315,329,329,327,195,327,324,312,308,302,264,295,236,29958,29946,6729,6641,5908,5800,4798,2102]} 1. e4 c5 2. Nf3 Nc6 3. d4 cxd4 4. Nxd4 Nf6 5. Nc3 e5 6. Ndb5 d6 7. Nd5 Nxd5 8. exd5 Ne7 9. c4 Ng6 10. Qa4 Bd7 11. Qb4 Qb8 {B33: Sicilian: Pelikan and Sveshnikov Variations.} 12. h4 {aiming for h5.} h5 13. Be3 b6 {White is slightly better.} 14. Be2 Be7 15. g3 {[#]} a6 $146 ({Predecessor:} 15... f5 16. O-O-O f4 17. gxf4 Nxf4 18. Bxf4 exf4 19. Rde1 a6 20. Na3 Qd8 21. c5 O-O {1-0 (36) Coche,W-Becker,G corr 1998}) 16. Nc3 b5 17. cxb5 axb5 18. O-O {[%cal Rc3b5]} O-O 19. Bxh5 (19. Bxb5 $6 Bh3 $11) 19... Bd8 20. Ne4 $36 {[%mdl 2048] White is on the roll.} Bf5 21. Nxd6 Be7 22. Bc5 Bh3 $2 (22... Ra4 $16 {was worth a try.} 23. Nxf5 Rxb4 24. Nxe7+ Nxe7 25. Bxb4 Re8) 23. Bxg6 $2 (23. Rfc1 $18) 23... fxg6 {[#]} (23... Ra4 $14 24. Nf5 (24. Qxb5 Qxb5 25. Nxb5 Bxc5 $16) 24... Bxf5) 24. Ne4 $1 $16 ({Resist} 24. Nxb5 $6 Bxc5 25. Qxc5 Bxf1 $14) 24... Bxc5 25. Qxc5 Bxf1 26. Rxf1 ({Don't play} 26. Kxf1 $6 Qb7 $11) 26... Qc8 27. Qxb5 Qg4 (27... Qc2 $16 28. Ng5 Rfb8) 28. Qc4 {And now Nf6+! would win.} Rf4 $2 (28... Qc8 29. Qe2 Rxa2) 29. d6+ $18 Kh8 {[#]} 30. Qd5 $1 Raf8 31. d7 Rxe4 32. d8=Q Rxd8 33. Qxd8+ {[%mdl 4096] Endgame KQR-KQR} Kh7 34. Qd1 Qf5 35. Qd3 Qg4 36. h5 Kh6 37. Qd2+ g5 $2 (37... Qg5 $18 38. Qc2 Rd4 39. hxg6 Qxg6 40. Qc1+ Kh7) 38. Qd6+ Kxh5 39. Kg2 {White is clearly winning.} Qf5 40. Rh1+ Rh4 41. Qd1+ {Accuracy: White = 83%, Black = 46%.} 1-0

[Event "Chess24 Legends of Chess"]
[Site "Online"]
[Date "2020.07.18"]
[Round "4.1"]
[White "Nepomniachtchi, Ian"]
[Black "Ivanchuk, Vasyl"]
[Result "1/2-1/2"]
[WhiteElo "2778"]
[BlackElo "2686"]
[Annotator "TA"]
[PlyCount "111"]
[EventDate "2020.07.21"]
[EventType "tourn"]
[SourceTitle "playchess.com"]
[Source "ChessBase"]
[SourceQuality "1"]

{[%evp 16,111,12,6,10,13,17,9,19,22,34,26,27,15,18,2,17,14,45,35,35,35,39,33,48,32,108,112,89,68,107,70,84,66,138,138,138,139,142,145,167,94,94,87,94,44,39,45,68,75,65,64,59,57,60,54,59,47,54,54,47,49,56,32,32,32,39,39,40,31,32,32,32,32,32,31,32,31,32,32,33,32,32,31,31,31,31,31,31,0,31,31,31,31,31,31,31,0]} 1. e4 e5 2. Nf3 Nc6 3. Bb5 a6 4. Ba4 Nf6 5. O-O Be7 6. d3 b5 7. Bb3 d6 8. a3 O-O 9. Nc3 Nb8 {9...Na5 is a critical line. C77: Ruy Lopez: 3...a6 4 Ba4 Nf6, unusual lines.} 10. h3 Nbd7 11. Ba2 Bb7 {The position is equal.} 12. Re1 h6 13. Ne2 Re8 14. Ng3 Bf8 15. Nh4 {[#]} d5 $146 ({Predecessor:} 15... c6 16. Ng6 d5 17. Nxf8 Nxf8 18. b4 dxe4 19. Nxe4 Nxe4 20. Rxe4 Qf6 21. Bb2 Ng6 {0-1 (39) Gavrilov,A (2438)-Smikovski,I (2497) St Petersburg 2001}) 16. Nhf5 dxe4 17. dxe4 c5 $1 18. Nd6 $36 {[%mdl 2048] White has some pressure.} Bxd6 $1 19. Qxd6 c4 20. b3 Rc8 ({Black should try} 20... cxb3 $14 21. Bxb3 Rc8) 21. bxc4 $16 bxc4 22. Rb1 Re6 23. Qd1 (23. Qd2 {looks sharper.} Rb6 24. Rxb6 Qxb6 25. Qc3 Nc5 26. Qxe5 Qa5 27. Re2) 23... Rb6 24. Rxb6 (24. Rb4 {keeps more tension.} Rxb4 25. axb4 a5 26. b5 Qb6 27. Nf5) 24... Nxb6 ({Better is} 24... Qxb6 $14 25. Kh2 Nf8) 25. Qxd8+ Rxd8 26. Be3 Na4 {[#]} 27. f3 $1 c3 28. Ne2 (28. Nf5 $18) 28... Bc6 29. Bb3 Bb5 30. Kf2 Ne8 31. Rc1 Nd6 32. Bxa4 Bxa4 33. Nxc3 Bc6 34. Rd1 Rd7 35. Bc5 Nc4 36. Rxd7 Bxd7 $14 {[%mdl 4096] Endgame KBN-KBN} 37. Ke2 f6 38. Nd5 Bb5 $1 39. Kf2 Ba4 40. c3 Kf7 41. h4 h5 42. Ke2 a5 43. Kf2 Bc2 44. Ne3 Bd3 45. Nf5 g6 46. Ne3 Nxe3 47. Kxe3 {KB-KB} Bc4 48. g4 Ke6 49. Bb6 a4 $1 50. Bd8 Ba6 51. Kf2 Bd3 52. Ke3 Ba6 53. Ba5 {White is slightly better.} Bb5 54. Bb4 Ba6 55. Bf8 Bb5 56. Bb4 {Accuracy: White = 89%, Black = 91%.} 1/2-1/2

[Event "Chess24 Legends of Chess"]
[Site "Online"]
[Date "2020.07.18"]
[Round "4.1"]
[White "Kramnik, Vladimir"]
[Black "Leko, Peter"]
[Result "1/2-1/2"]
[WhiteElo "2756"]
[BlackElo "2710"]
[Annotator "TA"]
[PlyCount "90"]
[EventDate "2020.07.21"]
[EventType "tourn"]
[SourceTitle "playchess.com"]
[Source "ChessBase"]
[SourceQuality "1"]

{[%evp 9,90,12,14,14,14,15,23,1,1,-50,-57,-65,-3,0,0,-22,-4,-8,0,0,0,-9,-22,-42,-52,-75,-59,-86,-82,-89,-99,-97,-85,-103,0,-93,-5,-2,-4,0,0,-4,-3,-2,-2,-2,-2,-9,-9,-9,-9,-9,-9,-7,-16,-8,-12,-32,-32,-44,-47,-35,-36,-33,-14,-14,-14,-14,-15,-15,-20,-15,-14,-65,-64,-62,-51,-57,0,-14,0,-70,0]} 1. c4 c5 2. b3 Nf6 3. Bb2 e6 4. Nf3 Be7 5. g3 O-O 6. Bg2 {A30: Symmetrical English: Double Fianchetto and Hedgehog.} d5 7. cxd5 $1 {[%mdl 4] is more profitable than 7.0-0 at the moment.} Nxd5 8. Nc3 {White has an edge.} Nc6 {[#]} 9. Qc2 $146 (9. O-O $11) ({Predecessor:} 9. O-O Nc7 10. Rc1 Na6 11. e3 Nab4 12. d4 cxd4 13. exd4 Bd7 14. a3 Nd5 15. Ne4 b6 16. Qe2 Rc8 17. h4 h6 {0-1 (86) Spoelman,W (2588)-Van der Werf,M (2396) Netherlands 2020}) 9... Ndb4 $15 10. Qd1 b6 (10... e5 $15) 11. a3 $11 Nd5 12. Nxd5 Qxd5 13. d4 Bb7 $36 {[%mdl 2048] Black has good play.} 14. dxc5 Qxc5 15. O-O Rfd8 16. Qb1 Qb5 17. b4 Qxe2 18. Re1 Qd3 19. Qc1 Rac8 {Strongly threatening ...Nxb4.} 20. Qf4 Bd6 21. Qh4 Be7 ({Better is} 21... Qf5 $17 22. Nd4 Nxd4 23. Bxb7 Nf3+ 24. Bxf3 Qxf3) 22. Qh3 (22. Qf4 $1 $11) 22... Nb8 {[#]} (22... Qc4 $17) 23. Rxe6 $1 {[%mdl 512]} Bxf3 (23... fxe6 24. Qxe6+) 24. Rxe7 Bxg2 $1 25. Qg4 {[%csl Gb2][%cal Rg4g7]} Qg6 $1 {[%cal Rg6g4]} 26. Qxg6 hxg6 27. Kxg2 Rc2 28. Bc1 Nc6 29. Re1 $1 f6 30. Be3 Ne5 31. Rec1 Rdc8 32. Rxc2 Rxc2 {[%mdl 4096] Endgame KRB-KRN} 33. Rd1 Nc4 34. Rd8+ Kh7 35. Rd3 Ra2 36. Bc1 $1 b5 37. h4 a6 38. Rc3 Kg8 39. g4 Kf7 40. Kg3 Ke6 41. Rd3 (41. f3 $11) 41... Ra1 $1 $15 {[%cal Ra1c1]} 42. Rc3 $1 Kd5 {[#] White must now prevent ...Kd4.} 43. Rd3+ $1 Ke6 44. Rc3 $1 Kd5 (44... Rb1 $11) 45. Rd3+ $1 Ke6 {Accuracy: White = 89%, Black = 85%.} (45... Ke4 $15 46. Rd1 Ne5) 1/2-1/2

[Event "Chess24 Legends of Chess"]
[Site "Online"]
[Date "2020.07.18"]
[Round "4.1"]
[White "Svidler, Peter"]
[Black "Ding, Liren"]
[Result "1-0"]
[WhiteElo "2742"]
[BlackElo "2836"]
[Annotator "TA"]
[PlyCount "99"]
[EventDate "2020.07.21"]
[EventType "tourn"]
[SourceTitle "playchess.com"]
[Source "ChessBase"]
[SourceQuality "1"]

{[%evp 13,99,0,20,16,14,3,14,2,0,0,0,0,4,0,41,34,31,38,44,50,33,46,37,0,0,0,0,0,89,92,93,102,110,109,114,111,108,80,94,86,112,105,158,158,129,156,156,156,156,156,156,155,231,130,121,121,227,103,191,195,298,298,298,298,298,298,298,229,5732,5764,12830,658,865,834,12837,12838,12837,12838,12839,12836,12846,12847,12847,12847,12848,12848,12850,12849]} 1. Nf3 d5 2. g3 g6 3. Bg2 Bg7 4. d4 Nf6 5. O-O O-O 6. c4 c6 7. Qb3 a5 8. cxd5 {D78: Fianchetto Grünfeld: 6 0-0 c6.} a4 9. Qd1 cxd5 10. Nc3 {The position is equal.} Ne4 11. Nd2 Nxc3 12. bxc3 Nc6 {[#]} 13. Ba3 $146 ({Predecessor:} 13. e4 Be6 14. Ba3 Qa5 15. exd5 Bxd5 16. Bxd5 Qxd5 17. Qf3 Qa5 18. Ne4 b6 19. Rab1 {1-0 (81) Lysenko,M (2243)-Bodnaruk,A (2419) Sochi 2019}) 13... Bf5 14. e4 dxe4 15. Nxe4 Qc7 16. Re1 Rfd8 17. Rb1 b6 18. Qf3 Rac8 19. Rb5 e6 20. Nd6 $36 {[%mdl 2112] Deflection. White is pushing.} Rxd6 (20... Nxd4 $1 $11 {keeps the balance.} 21. cxd4 Rxd6) 21. Bxd6 $16 Qxd6 22. Rxb6 Nxd4 23. Rxd6 Nxf3+ 24. Bxf3 Rxc3 25. Rd8+ Bf8 26. Kg2 Kg7 27. Be4 Bxe4+ ({Black should try} 27... a3) 28. Rxe4 {[%mdl 4096] Endgame KRR-KRB} Rc2 29. Rd7 $1 g5 30. Rxe6 Bc5 31. Re5 {Threatens to win with Rf5.} Kf6 32. Rdd5 $1 {[%cal Rd5c5]} Bxf2 (32... Rxf2+ $16 33. Kh3 Be7) 33. Kf3 (33. Rf5+ $18 Ke6 34. Rde5+ Kd6 35. Kf1) 33... Rxa2 34. Rxg5 a3 {[#]} (34... Bb6 $16) 35. Rdf5+ (35. h4 $1 $18) 35... Ke6 {[#]} (35... Ke7 $16 {might work better.}) 36. Ra5 $1 $18 Bg1 (36... f6 $142 37. Rh5 Kf7 38. Rxh7+ Kg6) 37. Ra6+ Ke7 38. h4 Bd4 39. Kg4 Ra1 40. Rb5 Bb2 $2 (40... Kf8 41. h5 h6 42. Rxh6 Rc1) 41. Kh5 {White is clearly winning.} Re1 42. g4 (42. Rb7+ $142 Kf8 43. Kh6 Re6+ 44. Rxe6 fxe6 45. Ra7) 42... Re6 43. Rb7+ Kf8 44. Rxe6 fxe6 {KR-KB} 45. Ra7 Ke8 46. g5 Kd8 47. Kh6 e5 48. Kxh7 e4 49. g6 {White threatens g7 and mate.} e3 {[#]} 50. Rxa3 $1 {[%mdl 512] Accuracy: White = 78%, Black = 52%.} 1-0

[Event "Chess24 Legends of Chess"]
[Site "Online"]
[Date "2020.07.18"]
[Round "4.1"]
[White "Giri, Anish"]
[Black "Anand, Viswanathan"]
[Result "1/2-1/2"]
[WhiteElo "2731"]
[BlackElo "2751"]
[Annotator "TA"]
[PlyCount "164"]
[EventDate "2020.07.21"]
[EventType "tourn"]
[SourceTitle "playchess.com"]
[Source "ChessBase"]
[SourceQuality "1"]

{[%evp 9,164,7,13,6,10,8,0,10,8,11,31,45,46,18,15,20,29,15,16,12,22,12,30,6,3,3,3,3,3,2,6,5,0,0,4,0,0,0,0,0,0,0,8,5,7,0,24,16,20,7,10,11,14,0,14,13,8,0,0,0,6,6,12,12,22,0,6,3,3,0,8,8,8,8,11,8,8,8,8,5,5,5,5,5,5,5,5,5,5,5,6,6,6,0,6,6,6,6,6,6,6,6,6,6,6,6,6,6,6,6,6,6,6,6,6,6,6,6,6,0,6,6,6,6,6,6,6,0,6,6,6,6,6,6,6,6,6,6,6,6,6,0,0,0,0,0,0,0,0,0,0,0,0,0,0,0,0]} 1. c4 e6 2. g3 Nf6 3. Bg2 d5 4. Nf3 dxc4 5. Qa4+ Bd7 6. Qxc4 {A13: English Opening: 1...e6.} c5 7. Ne5 Qc8 8. Qd3 Nc6 9. Nxd7 Qxd7 10. Qxd7+ Kxd7 11. b3 Rc8 12. Bb2 Be7 13. Na3 {[%cal Bb1a3,Ba3c4,Bc4e5][%mdl 32]} Rhd8 {[#]} 14. e3 $146 ({Predecessor:} 14. Nc4 Ke8 15. d3 b6 16. Rc1 Kf8 17. Ne3 Nd4 18. g4 h6 19. h4 Nd5 20. Nxd5 exd5 {½-½ (89) Mirzoyan,D (2350)-Pranav,A (2024) Moscow 2018}) 14... Ke8 15. Ke2 g6 16. Nc4 b5 17. Bxc6+ Rxc6 18. Ne5 Rcd6 19. Rhd1 Nd5 20. a4 f6 21. Nf3 bxa4 22. Rxa4 Rb6 23. Rxa7 Rxb3 24. Ba3 e5 25. Rc1 Nb4 26. Bxb4 Rxb4 27. Rc2 Rdb8 28. Ne1 Rb2 {The position is equal.} 29. Ra2 (29. e4 {looks sharper.} R8b4 30. f3 h5 31. Ra1 Rb1 32. Ra8+) 29... Rxa2 30. Rxa2 $11 {[%mdl 4096] Endgame KRB-KRN} c4 31. Rc2 Rc8 32. e4 Bd8 33. Ra2 c3 34. dxc3 Rxc3 35. Nc2 f5 36. exf5 gxf5 37. Nb4 Rc4 38. Nd5 Rc5 39. Ne3 f4 40. Nf5 fxg3 41. hxg3 Rc6 42. Kf3 Kf7 43. Ke4 Ke6 44. Ra4 Bb6 45. Ra6 Rc4+ 46. Kd3 Rb4 47. Ne3 {Hoping for Nc4.} Kf7 48. Nd5 Rd4+ {[%mdl 64] [#] Double Attack} 49. Ke2 Rxd5 50. Rxb6 {KR-KR} Ra5 51. Kf3 Ra2 52. Rh6 Kg7 53. Re6 Ra5 54. Ke4 Ra2 55. f3 Re2+ 56. Kd3 Re1 57. Kd2 Rg1 58. g4 h5 59. gxh5 Rg5 60. h6+ Kh7 61. Kd3 Rf5 62. Ke3 Rf7 63. Ra6 Rf4 64. Re6 Rf7 65. Kf2 e4 66. Rxe4 {Black should prevent Rh4.} Kxh6 67. Rg4 Ra7 68. Kg3 Ra3 69. Rg8 Kh7 70. Rg5 Kh6 71. Rg4 Rb3 72. Kg2 Ra3 73. Rg8 Kh7 74. Rg5 Kh6 75. f4 Rb3 76. Kf2 Ra3 77. Rg8 Rb3 78. Ke2 Ra3 79. Rg1 Rb3 80. f5 Rb5 81. f6 Re5+ 82. Kd3 Rf5 {Accuracy: White = 99%, Black = 100%.} 1/2-1/2

[Event "Chess24 Legends of Chess"]
[Site "Online"]
[Date "2020.07.18"]
[Round "4.2"]
[White "Ding, Liren"]
[Black "Svidler, Peter"]
[Result "1-0"]
[WhiteElo "2836"]
[BlackElo "2742"]
[Annotator "TA"]
[PlyCount "57"]
[EventDate "2020.07.21"]
[EventType "tourn"]
[SourceTitle "playchess.com"]
[Source "ChessBase"]
[SourceQuality "1"]

{[%evp 12,57,20,13,25,8,34,14,31,1,14,7,23,7,66,0,17,22,16,18,20,5,28,37,45,19,30,-22,-16,-18,0,-12,0,-14,-20,-35,0,0,478,434,595,555,705,674,954,921,1747,1267]} 1. d4 d5 2. c4 c6 3. Nf3 Nf6 4. Nc3 dxc4 5. a4 e6 6. e3 c5 7. Bxc4 Nc6 {D16: Slav Defence: 5 a4: Lines with 5...Bg4 and 5...Na6.} 8. O-O cxd4 9. Nxd4 Bd7 {The position is equal.} 10. e4 Nxd4 11. Qxd4 {Hoping for e5.} Bc6 12. Qe3 Qb8 {[#]} (12... a6 $11) 13. f4 $146 (13. e5 $14 Nd7 14. Qg3) ({Predecessor:} 13. e5 Nd7 14. Qg3 a6 15. Re1 g6 16. Bf4 Bg7 17. b4 Nb6 18. Bb3 O-O 19. Rad1 {1-0 (34) Gyimesi,Z (2584)-Lipka,J (2409) Austria 2009}) 13... Be7 14. e5 Ng4 15. Qe2 h5 16. Bb5 g6 17. h3 Nh6 18. Bxc6+ bxc6 19. g4 (19. Be3 $142) 19... Qb4 $11 20. a5 Rd8 21. Ra4 Qb3 22. Re4 Bb4 23. a6 Bc5+ 24. Kg2 $1 Ke7 $2 {[%mdl 8192] [#]} (24... Bb6 $11) 25. f5 $18 {White is clearly winning.} gxf5 26. Bg5+ Ke8 27. Bxd8 fxe4 28. Bf6 Rg8 29. Rd1 {Accuracy: White = 78%, Black = 61%.} 1-0

[Event "Chess24 Legends of Chess"]
[Site "Online"]
[Date "2020.07.18"]
[Round "4.2"]
[White "Anand, Viswanathan"]
[Black "Giri, Anish"]
[Result "1/2-1/2"]
[WhiteElo "2751"]
[BlackElo "2731"]
[Annotator "TA"]
[PlyCount "97"]
[EventDate "2020.07.21"]
[EventType "tourn"]
[SourceTitle "playchess.com"]
[Source "ChessBase"]
[SourceQuality "1"]

{[%evp 19,97,4,4,0,6,0,10,0,7,7,7,0,0,11,14,7,7,7,7,7,14,0,0,0,7,0,0,0,0,0,0,-16,0,0,0,0,49,9,20,36,40,0,56,0,3,0,0,0,0,0,42,0,19,0,0,0,0,0,0,0,0,0,0,0,0,0,0,0,0,0,0,0,0,0,0,0,0,0,0,0]} 1. e4 c5 2. Nf3 d6 3. d4 cxd4 4. Nxd4 Nf6 5. Nc3 a6 6. Be2 e5 7. Nf3 Be7 8. Bg5 Be6 9. Bxf6 Bxf6 10. O-O O-O 11. Nd5 {B92: Sicilian Najdorf: 6 Be2.} Nd7 {The main line 11...Nd7 scores better than 11...Bxd5.} 12. Bc4 Rc8 13. Qe2 Nb6 14. Nxb6 Qxb6 15. Bxe6 fxe6 16. c3 {[#]} Qc6 $146 ({Predecessor:} 16... Be7 17. Ne1 Rf6 18. Nd3 Rcf8 19. Kh1 Qc6 20. f3 Rh6 21. Nf2 Rg6 22. Rad1 b5 {½-½ (72) Giri,A (2780)-Duda,J (2730) chess.com INT 2019}) 17. Ne1 Bd8 18. Nd3 b5 19. f3 a5 20. a3 Rc7 21. Rad1 Rcf7 22. Kh1 g5 23. Nf2 h5 24. Rd3 Be7 25. g4 hxg4 26. Nxg4 {Hoping for Nh6+.} Rh7 27. Kg2 Qe8 28. h3 Qh5 29. Rh1 Qe8 30. Nf2 Kh8 (30... Qc6 $11) 31. Ra1 (31. b4 $14) 31... Qc6 32. Ng4 Kg7 33. Rd2 Rfh8 34. Rh1 Bd8 35. Qd1 Bc7 {The position is equal.} 36. Rd3 Kg6 37. Qd2 a4 (37... Rh5 {with more complications.} 38. Rd1 Kf7 39. Rxd6 Qxd6 40. Qxd6 Bxd6 41. Rxd6 Rxh3 42. Rb6 Rh1) 38. Rd1 Rxh3 39. Rxd6 Bxd6 40. Qxd6 Qxd6 41. Rxd6 $11 {[%mdl 4096] Endgame KRR-KRN} Kf7 42. Rd7+ Kf8 43. Rb7 Rh1 44. Rxb5 Rd1 45. Rb8+ Kg7 46. Rb7+ Kf8 47. Rb8+ Kg7 48. Rb7+ Kf8 49. Rb8+ {Accuracy: White = 88%, Black = 92%.} 1/2-1/2